ÇEAŞ olayı (Record no. 6888)

MARC details
000 -BAŞLIK
Sabit Uzunlukta Kontrol Alanı 00754na a2200253 4500
001 - KONTROL NUMARASI
Denetim Alanı 20025
003 - KONTROL NUMARASI IDENTIFIER
Denetim Alanı MIRAKIL
005 - SON İŞLEM TARİHİ VE ZAMANI
Denetim Alanı 20181213155122.0
008 - SABİT-BOY VERİ ELEMANLARI - GENEL BİLGİLER
Sabit Uzunlukta Kontrol Alanı 170102b tu 000 0
035 ## - SİSTEM KONTROL NUMARASI
Sistem Kontrol Numarası 20025
040 ## - KATALOGLAMA KAYNAK
Orijinal Kataloglama Ajansı Milas
Kataloglama Dili tur
Metne Dönüştürmek Ajansı TR-AnCHP
041 ## - DİL KODU
Metin / Ses Parça Veya Ayrı Başlığın Dil Kodu tur
082 ## - DEWEY ONLU SINIFLANDIRMA NUMARASI
Sınıflandırma Numarası CHP 333.793206
Ürün Numarası Ç29ç [t.y.]
090 ## - SINIFLAMA NUMARASI
Sınıflama Numarası CHP 333.793206 Ç29ç [t.y.]
100 ## - ANA GİRİŞ - KİŞİSEL İSİM
Kişisel Ad Çay, Fuat
245 ## - BAŞLIK TABLOSU
Başlık ÇEAŞ olayı
Sorumluluk Tablosu, Vb Fuat Çay
260 ## - YAYIN, DAĞITIM, VB
Yayın, Dağıtım, Vb Yeri [y.y.]
Yayıncı, Dağıtıcı, Vs Adı [yayl.y.]
Yayın, Dağıtım, Vb Tarihi [t.y.]
300 ## - FİZİKSEL TANIM
Kapsam 77 s.
Boyutlar 20 sm.
610 ## - KONU KATMA GİRİŞ - TOPLANTI ADI
Giriş Elemanı Olarak Kurumsal Ad Veya Yargı Alanı Adı Çukurova Elektrik A.Ş.
Genel Alt Bölüm Hukuk ve mevzuat
Kronolojik Alt Bölüm Tarih
610 ## - KONU KATMA GİRİŞ - TOPLANTI ADI
Giriş Elemanı Olarak Kurumsal Ad Veya Yargı Alanı Adı CHP milletvekilleri
Genel Alt Bölüm Genel kurul toplantıları
650 ## - KONU KATMA GİRİŞ - TOPİKAL DÖNEM
Topikal Süreli Veya Coğrafi Ad Giriş Elemanı Enerji kaynakları
Genel Alt Bölümü Elektrik enerjisi
Kronolojik Alt Bölümü Şirketler
Coğrafi Alt Bölümü Adana
650 ## - KONU KATMA GİRİŞ - TOPİKAL DÖNEM
Topikal Süreli Veya Coğrafi Ad Giriş Elemanı Ticaret hukuku
Genel Alt Bölümü Şirketler
942 ## - EKLENDİ GİRİŞ ELEMANLARI (KOHA)
Sınıflandırma Veya Raf Düzeni Kaynak Dewey Decimal Classification
Koha Öğesi Türü Books
999 ## - SİSTEM KONTROL NUMARALARI (KOHA)
Koha Biblionumber 6888
Koha Biblioitemnumber 6888
Holdings
Kalıcı Konum Mevcut Konum Edinme Tarihi Edinim Kaynak Toplam Check-Out'Lar Tam Çağrı Numarası Barkod Tarih Son Görülme İtibaren Geçerli Fiyatlar Koha Öğesi Türü
CHP Kütüphanesi CHP Kütüphanesi 01/02/2017 Bağış   CHP 333.793206 Ç29ç [t.y.] 010405 01/02/2017 01/02/2017 Books